00463nam a2200169 a 4500041001300000082001600013100002700029245005200056260002900108300000900137500003500146505001500181505001700196650002100213650003200234700002700266 aSanskrit00a294.38bGEL aGelder, Jeanntte M Van aManava Srauta Sutra Belonging to the Maitrayani aDelhibSri Satguruc1985 a332p aincludes index and biblioraphy2 aSupplement2 aSupplement00 aBuddhism-Sources aBuddhism-Maitrayani Samhita1 aGelder, Jeanntte M Van